000 01050nam a2200265 a 4500
001 000099384
003 AM-YEHGA
005 20250617122159.0
008 990426s1903 ru ||||||||||| rus d
040 _aAM-YeHGA
041 1 _arus
100 1 _aНеймайр, М.
245 1 0 _aИстория земли : /
_cПроф. М. Неймайр ; Пер. В. Улиг, c доп. по геологии по России В.В. Ломанского и А.П. Нечаева, ред. А.А. Иностранцев.
260 _aСанкт-Петербург :
_bТоварищество "Просвещение",
_c1903-.
300 _aтом
500 _aПер. со 2-го нем. изд.
505 1 0 _gТ. 1 (1903, 761 с.) :
_gТ. 2 (1904, 852 с.)
650 1 4 _aИстория Земли
700 1 _aУлиг, В.
_eпер
_4trl
700 1 _aЛоманский, В.В.
_eавт.
_4aut
700 1 _aНечаев, А.П.
_eавт.
_4aut
700 1 _aИностранцев, А.А.
_eред.
_4edt
942 _2udc
_cBK
090 _c32336
999 _c31865
_d31865